| 000 | 01204ngm a22003970a 4500 | ||
|---|---|---|---|
| 001 | PT16726 | ||
| 003 | AR-LpoUNG | ||
| 005 | 20210202000235.0 | ||
| 007 | vd cvaizq | ||
| 008 | 191001s1987||||ag |||||||||||||||||spa d | ||
| 037 | _c$6.63 | ||
| 040 |
_aAR-LpoUNG _bspa _cAR-LpoUNG _eaacr |
||
| 041 | _aspa | ||
| 044 | _aag | ||
| 082 | 0 | _a303.6 684sur | |
| 100 | 1 |
_aSolanas, Fernando E. _edir. |
|
| 245 | 1 | 0 | _aSur |
| 260 |
_aBuenos Aires : _bArgentina Sono Film, _c[1987]. |
||
| 300 | _aVHS : son., col. | ||
| 505 | 0 | _aFotografía: Félix Monti ; montaje: J. C. Macias ; sonido: Pablo Mari. - Música original de Astor Piazzola | |
| 520 | _aEn el momento de la recuperación de la democracia, un preso político recupera la libertad y se reencuentra con todo lo suyo. | ||
| 650 | 4 | _aARGENTINA | |
| 650 | 4 | _aASPECTOS SOCIALES | |
| 650 | 4 | _aCONSECUENCIAS SOCIALES | |
| 650 | 4 | _aDEMOCRACIA | |
| 650 | 4 | _aDICTADURA | |
| 650 | 4 | _aGOBIERNO MILITAR | |
| 651 | 4 | _aArgentina | |
| 653 | _aCINE ARGENTINO | ||
| 653 | _aSOLANAS, PINO | ||
| 653 | _aVIDEOS | ||
| 710 | 2 | _aCinesur (Firma comercial) | |
| 710 | 2 | _aPacific Productions (firma comercial) | |
| 905 | _a16726 | ||
| 942 | _cVIDEO | ||
| 999 |
_c54423 _d54423 |
||